Uma história em quadradinhos (Registo nº 3692)
[ vista simples ]
| 000 -Etiqueta do registo | |
|---|---|
| Cabeçalho | 00977nam0a2200313 4500 |
| 005 - Identificador da versão | |
| Campo de controlo | 20240813122040.0 |
| 095 ## - | |
| -- | PTBN00361168 |
| 010 ## - Número internacional normalizado dos livros (ISBN) | |
| Número (ISBN) | 9724102106 |
| 021 ## - Número do Depósito Legal | |
| Código do país | PT |
| Número | 40434/90 |
| 100 ## - Dados gerais de processamento | |
| Dados gerais de processamento | 20190527d1991 c y0pory5003 ba |
| 102 ## - Pais de publicação ou produção | |
| País de publicação | Portugal |
| 101 0# - Língua de publicação | |
| Língua do texto, banda sonora, etc. | Português |
| 215 ## - Descrição física | |
| Indicação específica da natureza do documento e extensão da espécie | 24 p. |
| Outras indicações físicas | il. color |
| 200 1# - Titulo e menção de responsabilidade | |
| Título próprio | Uma história em quadradinhos |
| Primeira menção de responsabilidade | António Torrado, Maria Alberta Menéres |
| Outras menções de responsabilidade | il. Rui Truta |
| 225 1# - Colecção | |
| Título próprio da colecção | Asa juvenil |
| Indicação de volume | 46 |
| 205 ## - Menção da edição | |
| Menção da edição | 2ª ed |
| 210 ## - Publicação, Distribuição, etc. | |
| Lugar da edição, distribuição, etc. | Porto |
| Nome do editor, distribuidor, etc. | Asa |
| Data da publicação, distribuição, etc. | 1991 |
| 606 ## - Nome comum usado como assunto | |
| Número de registo de entrada de autoridade | 0001335 |
| Palavra de ordem | Literatura portuguesa |
| Subdivisão de assunto | Conto |
| Código do sistema | CA |
| Número de registo de entrada de autoridade | 0001358 |
| Palavra de ordem | Literatura portuguesa |
| Subdivisão de assunto | Poesia |
| Código do sistema | CA |
| 675 ## - Classificação Decimal Universal (CDU) | |
| Notação | 821.134.3-34 |
| Edição | 3ª ed. |
| Língua da edição | por |
| Notação | 821.134.3-1 |
| Edição | 3ª ed. |
| Língua da edição | por |
| 702 #1 - Nome de autor-pessoa física (responsabilidade secundária) | |
| Número de registo de entrada de autoridade | 0000052 |
| Palavra de ordem | Truta |
| Outra parte do nome não tomada para palavra de ordem | Rui |
| Datas | 1961- |
| Código de função | Ilustrador / Técnico de desenho computorizado |
| 701 #1 - Nome de autor-pessoa física (co-responsabilidade principal) | |
| Palavra de ordem | Menéres |
| Outra parte do nome não tomada para palavra de ordem | Maria Alberta |
| Elementos de identificação ou distinção | e outro |
| Datas | 1930- |
| Código de função | Autor / Co-autor |
| 700 #1 - Nome de autor-pessoa física (responsabilidade principal) | |
| Número de registo de entrada de autoridade | 0002145 |
| Palavra de ordem | Torrado |
| Outra parte do nome não tomada para palavra de ordem | António |
| Elementos de identificação ou distinção | e outro |
| Datas | 1939- |
| 966 ## - Identificação da Biblioteca | |
| Sigla | EBVEN |
| 942 ## - Elementos de entrada adicionados (Koha) | |
| Tipo de item no Koha | Livro |
| Situação do levantamento | Origin of item (home branch) (coded) | Biblioteca de empréstimo | Código de barras | Cota | Circulation type (not for loan) | Tipo de documento | Nota do exemplar | Damaged status |
|---|---|---|---|---|---|---|---|---|
| Biblioteca Escolar das Vendas | Biblioteca Escolar das Vendas | BEV512 | 8 POR TOR | Livro | Sem mensagem |
